Presidents of Taiwan by Picture - Statistics

General Stats
  • This quiz has been taken 61 times
    14 since last reset
  • The average score is 11 of 26
Answer Stats
Picture Hint Answer % Correct
1928-1931 | 1943-1949 | 1950-1975 Chiang Kai-shek
93%
2016-2024 Tsai Ing-wen
86%
1912 Sun Yat-sen
71%
1978-1988 Chiang Ching-kuo
64%
2024-Present Lai Ching-te
64%
1988-2000 Lee Teng-hui
64%
2008-2016 Ma Ying-jeou
64%
1912-1916 Yuan Shikai
64%
2000-2008 Chen Shui-bian
57%
1949-1950 Li Zongren
57%
1927-1928 Zhang Zuolin
50%
1924-1926 Duan Qirui
43%
1917-1918 Feng Guozhang
36%
1931-1943 Lin Sen
36%
1916-1917 | 1922-1923 Li Yuanhong
36%
1975-1978 Yen Chia-kan
36%
1923-1924 Cao Kun
29%
1926-1927 Wellington Koo
21%
1926 Du Xigui
14%
1923 Gao Lingwei
14%
1924 Huang Fu
14%
1926 Hu Weide
14%
1928 Tan Yankai
14%
1918-1922 Xu Shichang
14%
1926 Yan Huiqing
14%
1922 Zhou Ziqi
14%
No matching quizzes found
Score Distribution
Percent of People with Each Score
Percentile by Number Answered
Your Score History
You have not taken this quiz since the last reset